Colonialismo territorial en América: el caso de Belice; voto razonado del embajador Alberto Herrarte González en relación a la resolución aprobada por el Comité Jurídico Interamericano
Αποθηκεύτηκε σε:
| Κύριος συγγραφέας: | |
|---|---|
| Μορφή: | Κείμενο |
| Έκδοση: |
Guatemala:
José de Pinera Ibarra
|
| Ετικέτες: |
Προσθήκη ετικέτας
Δεν υπάρχουν, Καταχωρήστε ετικέτα πρώτοι!
|
MARC
| LEADER | 00000 a a2200000 04500 | ||
|---|---|---|---|
| 001 | 24254 | ||
| 003 | |||
| 040 | |||
| 090 | |a 166200 | ||
| 100 | |a Herrarte González, Alberto | ||
| 245 | |a Colonialismo territorial en América: el caso de Belice; voto razonado del embajador Alberto Herrarte González en relación a la resolución aprobada por el Comité Jurídico Interamericano | ||
| 260 | |a Guatemala: |b José de Pinera Ibarra | ||
| 300 | |a 114 p. | ||
| 999 | |c 17778 |d 17778 | ||
